2024年鉄道の出来事サドンデス - Statistics

General Stats
  • This quiz has been taken 424 times
  • The average score is 2 of 20
Answers on the Grid
Answers color-coded by a green-red scale on the quiz's grid according to % correct below.
初野駅廃止
滝ノ上駅廃止
浜田浦駅廃止
中ノ沢駅廃止
留萌本線(石狩沼田〜留萌)廃止
根室本線(富良野〜新得)廃止
特急スーパーつがる運行開始
青森、秋田、盛岡エリアにSuica導入
前潟駅開業
平津戸駅廃止
快速アテルイ廃止
E8系運用開始
HB-E300系「ひなび」運転開始
上毛電気鉄道800系営業運転開始
宇都宮ライトレール開業
特急アーバンパークライナー廃止
幕張豊砂駅開業
上野動物園モノレール廃止
東急、相鉄新横浜線開通
南武線E127系運転開始
快速アクティー廃止
小田急50000形VSE運転終了
鶴見線E131系営業運転開始
三河知立駅移設
加木屋中ノ池駅開業
あいの風とやま鉄道413系運転終了
北陸新幹線敦賀延伸開業
越前武生駅をたけふ新駅に駅名変更
特急らくラクやまと運行開始
北大阪急行電鉄延伸開業
大阪メトロ20系運転終了
阪急PRiVACEサービス開始
妙見の森ケーブル廃止
スカイレールサービス廃止
JR四国 松山駅高架化
伊予鉄道市内線ICOCA導入
七隈線(天神南〜博多)延伸開業
桜並木駅開業
長崎電気軌道 市民会館停留場を市役所停留場に変更
日田彦山線BRT変換開業
 
Answer Stats
Answer % Correct
根室本線(富良野〜新得)廃止
31%
E8系運用開始
31%
北陸新幹線敦賀延伸開業
30%
特急スーパーつがる運行開始
23%
初野駅廃止
15%
滝ノ上駅廃止
13%
北大阪急行電鉄延伸開業
13%
スカイレールサービス廃止
11%
阪急PRiVACEサービス開始
11%
特急らくラクやまと運行開始
10%
JR四国 松山駅高架化
10%
加木屋中ノ池駅開業
9%
中ノ沢駅廃止
8%
大阪メトロ20系運転終了
8%
特急アーバンパークライナー廃止
6%
三河知立駅移設
5%
桜並木駅開業
5%
伊予鉄道市内線ICOCA導入
3%
上毛電気鉄道800系営業運転開始
2%
あいの風とやま鉄道413系運転終了
1%
No matching quizzes found
Score Distribution
Percent of People with Each Score
Percentile by Number Answered
Your Score History
You have not taken this quiz